[Event "Forchheim op-B 14th"]
[Site "Forchheim"]
[Date "2015.10.02"]
[Round "1"]
[White "Wagner, Robert"]
[Black "Miranda Laferte, Erick"]
[Result "1-0"]
[WhiteElo "1868"]
[BlackElo "1866"]
[PlyCount "63"]
[EventDate "2015.10.02"]
[EventType "swiss"]
[EventRounds "5"]
[EventCountry "GER"]
[SourceTitle "EXT 2019"]
[Source "ChessBase"]
[SourceDate "2018.10.10"]
[SourceVersion "1"]
[SourceVersionDate "2018.10.10"]
[SourceQuality "1"]

1. d4 Nf6 2. c4 g6 3. Nc3 d5 4. cxd5 Nxd5 5. e4 Nxc3 6. bxc3 Bg7 7. Bc4 0-0 8. Ne2 Nd7 9. 0-0 Nb6 10. Bb3 Bd7 11. a4 a5 12. Be3 Qe8 13. Ra2 Rd8 14. Qc2 Bc8 15. f4 Bg4 16. Ng3 Qc6 17. f5 Nc4 18. Bc1 e5 19. h3 exd4 20. Bxc4 Qxc4 21. hxg4 d3 22. Qb1 Qxc3 23. Bb2 Qc5+ 24. Kh2 Bh6 25. Ba3 Qc6 26. Bxf8 Kxf8 27. Rd1 Bf4 28. Rxd3 Re8 29. Qb3 gxf5 30. Rf2 Qh6+ 31. Kg1 Rxe4 32. Nxe4 1-0

[Event "Berlin Spring op-B"]
[Site "Berlin"]
[Date "2014.05.02"]
[Round "3"]
[White "Boehne, Sebastian"]
[Black "Miranda Laferte, Erick"]
[Result "1-0"]
[WhiteElo "1813"]
[BlackElo "1727"]
[PlyCount "81"]
[EventDate "2014.05.01"]
[EventType "swiss"]
[EventRounds "7"]
[EventCountry "GER"]
[SourceTitle "CBM 160 Extra"]
[Source "ChessBase"]
[SourceDate "2014.07.01"]
[SourceVersion "1"]
[SourceVersionDate "2014.07.01"]
[SourceQuality "1"]

1. Nf3 Nf6 2. c4 e6 3. Nc3 d5 4. d4 Be7 5. cxd5 exd5 6. Bg5 c6 7. Qc2 0-0 8. e3 Nbd7 9. Bd3 Re8 10. 0-0 Ne4 11. Bf4 f5 12. Rfb1 Nf8 13. b4 Ng6 14. b5 Nxf4 15. exf4 c5 16. Nxd5 Bf8 17. dxc5 Nxc5 18. Bc4 Be6 19. Ng5 Bxd5 20. Rd1 Qf6 21. Bxd5+ Kh8 22. Nf7+ Kg8 23. Nh6+ Kh8 24. Nf7+ Kg8 25. Nd6+ Kh8 26. Nxe8 Rxe8 27. g3 g6 28. Rac1 b6 29. Bc6 Rc8 30. Qc3 Ne4 31. Qxf6+ Nxf6 32. Bb7 Rxc1 33. Rxc1 Bc5 34. Kg2 Ng4 35. Rc2 Kg7 36. Bf3 Nf6 37. Rd2 Ne8 38. Rd7+ Kh6 39. Rxa7 Nd6 40. Bc6 Nc4 41. Bd5 1-0

[Event "Berlin Spring op-B"]
[Site "Berlin"]
[Date "2014.05.01"]
[Round "2"]
[White "Miranda Laferte, Erick"]
[Black "Sanasi, Marcello"]
[Result "1-0"]
[WhiteElo "1727"]
[BlackElo "1611"]
[PlyCount "87"]
[EventDate "2014.05.01"]
[EventType "swiss"]
[EventRounds "7"]
[EventCountry "GER"]
[SourceTitle "CBM 160 Extra"]
[Source "ChessBase"]
[SourceDate "2014.07.01"]
[SourceVersion "1"]
[SourceVersionDate "2014.07.01"]
[SourceQuality "1"]

1. d4 d5 2. c4 c6 3. Nc3 Nf6 4. Nf3 e6 5. Bg5 Nbd7 6. a3 Be7 7. e3 0-0 8. Bd3 dxc4 9. Bxc4 b5 10. Bd3 Bb7 11. 0-0 a6 12. b4 h6 13. Bh4 a5 14. Qb3 a4 15. Qc2 Rc8 16. Rac1 Nd5 17. Bg3 f5 18. Qe2 Qe8 19. Nxd5 exd5 20. Be5 Nxe5 21. Nxe5 Bd6 22. f4 Rc7 23. Rc3 g5 24. Qc2 Bxe5 25. fxe5 Rcf7 26. Rxf5 Qe6 27. Rxf7 Qxf7 28. Qe2 h5 29. Rc1 g4 30. Rf1 Qg7 31. Rxf8+ Kxf8 32. Qf2+ Ke8 33. Qf5 Qf7 34. Qxf7+ Kxf7 35. Kf2 Bc8 36. Kg3 Kg7 37. Kf4 Bd7 38. g3 Kh6 39. Bf5 Be8 40. Bc8 Kg7 41. e6 Kf6 42. Bd7 Bg6 43. Bxc6 Kxe6 44. Bxb5 1-0

[Event "Cologne Longerich op-B 12th"]
[Site "Cologne"]
[Date "2013.07.20"]
[Round "3"]
[White "Miranda Laferte, Erick"]
[Black "Havenith, Julia"]
[Result "1-0"]
[WhiteElo "1664"]
[BlackElo "1407"]
[PlyCount "77"]
[EventDate "2013.07.19"]
[EventType "tourn"]
[EventRounds "5"]
[EventCountry "GER"]
[SourceTitle "EXT 2017"]
[Source "ChessBase"]
[SourceDate "2016.10.25"]
[SourceVersion "1"]
[SourceVersionDate "2016.10.25"]
[SourceQuality "1"]

1. d4 Nf6 2. c4 g6 3. Nc3 Bg7 4. Nf3 0-0 5. e4 d6 6. Be2 Nbd7 7. Qc2 e5 8. d5 Re8 9. 0-0 Nb6 10. b4 Nbd7 11. Ne1 c6 12. Be3 Qc7 13. Rc1 c5 14. Nb5 Qb6 15. a4 Rf8 16. f3 a6 17. a5 Qd8 18. Nxd6 cxb4 19. Qa4 b3 20. Rb1 Qc7 21. Qb4 Rd8 22. Nxc8 Rdxc8 23. Rxb3 Nc5 24. Rb1 h5 25. Nd3 Nfd7 26. Nxc5 Nxc5 27. Qb6 Bf8 28. Rfd1 Bd6 29. Kf1 Na4 30. Qxc7 Rxc7 31. Rb3 Nc5 32. Rb6 Rd7 33. Rxd6 Rxd6 34. Bxc5 Rd7 35. Bb6 Rc8 36. c5 Kf8 37. Bc4 Ke7 38. Bb3 Kf8 39. Ba4 1-0